000 02390nam a2200301Ia 4500
999 _c52702
_d52702
001 19727
003 GE_BSU
005 20200411173552.0
008 181216s2015||||ge |||||||||||||| ||geo||
020 _a9789941082689
040 _cGE_BSU
041 _ageo
080 _a342.52(479.22) ს-32
245 _aსაქართველოს სახელმწიფოს ხელმძღვანელები ტ. 6 : აკაკი ასათიანი საქართველოს რესპუბლიკის უზენაესი საბჭოს თავმჯდომარე (1991 წლის აპრილი - 1991 წლის დეკემბერი) :
_bოფიციალური დოკუმენტები, ინტერვიუები, მიმართვები /
_cრედაქტორ - შემდგენლები : მზია ხოსიტაშვილი, ემზარ ჯგერენაია ; იდეის ავტორი ემზარ ჯგერენაია.
264 _aთბილისი :
_bირიდა,
_c2015.
300 _a265 გვ. ;
_c22 სმ
490 _aსაქართველოს სახელმწიფოს ხელმძღვანელები
500 _aსაძიებლები გვ. : 224-247
504 _aბიბლიოგრაფიული საძიებელი გვ. : 248-265
653 _aაკაკი ასათიანი
653 _aსაქართველოს უზენაესი საბჭოს თავჯდომარის ოფიციალური დოკუმენტები
653 _aსამართალი
700 _a ხოსიტაშილი, მზია
_eრედაქტორ-შემდგენელი
_97895
700 _a ჯგერენაია, ემზარ
_eრედაქტორ-შემდგენელი
_97896
710 _aსაქართველოს პარლამენტის ეროვნული ბიბლიოთეკა
_97897
710 _aპარლამენტის სამეცნიერო-საინფორმაციო უზრუნველყოფის განყოფილება
_97898
942 _cBK
_2udc